Biggest Countries with Short Names by Area - Statistics

General Stats
  • This quiz has been taken 68 times
  • The average score is 27 of 30
Answer Stats
Letters Country % Correct
6 Canada
100%
5 China
100%
4 Chad
98%
5 Egypt
98%
5 India
98%
4 Iran
98%
6 Russia
98%
4 Iraq
96%
6 Mexico
96%
4 Peru
96%
5 Spain
96%
6 Brazil
94%
5 Niger
94%
5 Chile
92%
6 France
91%
5 Italy
91%
5 Japan
91%
5 Kenya
89%
5 Libya
89%
4 Oman
89%
6 Turkey
89%
4 Mali
87%
6 Sweden
85%
5 Yemen
85%
5 Sudan
83%
6 Poland
81%
6 Norway
79%
6 Zambia
70%
6 Angola
68%
5 Gabon
64%
No matching quizzes found
Score Distribution
Percent of People with Each Score
Percentile by Number Answered
Your Score History
You have not taken this quiz